| 000 | 00612nam a2200169 i 4500 | ||
|---|---|---|---|
| 001 | 113347 | ||
| 003 | ES-MaACL | ||
| 005 | 20230906185844.0 | ||
| 007 | t| | ||
| 008 | 061121s1921 mx r ||||1| spa d | ||
| 100 | 1 |
_aPalacios, Enrique Juan. _988394 |
|
| 245 | 1 | 3 |
_aEl templo de Quetzalcoatl en Teotihuacan _b: significación histórica del monumento / _cpor Enrique Juan Palacios y Miguel O. de Mendizaba. |
| 260 |
_aMéxico : _b[s. n.], _c1921 ( _fImp. del Museo Nacional) |
||
| 651 | 4 |
_aTeotihuacán (México, Yacimiento) _9161299 |
|
| 700 | 1 |
_aMendizaba, Miguel O. de. _980203 |
|
| 852 |
_aES-MaACL _j1616-F-1 |
||
| 999 |
_c113347 _d113347 |
||